Krompachy si berú dva úvery na priemyselný park mesto potrebuje pritiahnuť investora

Podrobná bibliografia
Médium: Článok
Jazyk:slovenčina
Fyzický popis:Fotogr.
ISSN:1338-659X
Predmet:

MARC

LEADER 00000nab a2200000 ar4500
001 vtls011508884
003 SK-MaSNL
005 20260305040116.0
008 160229c20140828xo mr|p|||||||000 b|slo
038 |a SNSK 
040 |b slo  |c SNSK  |e AACR2 
041 |a slo 
044 |a xo  |c SK 
080 |a 352  |x (437.6)  |2 2001 
080 |a 332.122  |2 2001 
080 |a 336.274.3  |2 2001 
245 0 0 |a Krompachy si berú dva úvery na priemyselný park  |b mesto potrebuje pritiahnuť investora  |c [autor] (šim) 
300 |b Fotogr. 
610 1 7 |a Krompachy (Slovensko).  |b Mestské zastupiteľstvo  |2 snsk  |9 94954 
650 0 7 |a priemyselné parky  |2 snsk  |9 29007 
650 0 7 |a úvery  |2 snsk  |9 2375 
650 0 7 |a investori  |2 snsk  |9 30027 
651 7 |a Krompachy (Slovensko)  |2 snsk  |9 43389 
651 7 |a Spišská Nová Ves (Slovensko : okres)  |2 snsk  |9 22259 
773 0 |t Korzár : denník Košického kraja  |g Roč. XVII., č. 199 (28.8.2014), s. 5  |x 1338-659X 
852 |a SNSK  |b KIS3GCP 
999 |c 3336732  |d 3338662